000 nam a22 7a 4500
999 _c8564
_d8564
008 180118b ||||| |||| 00| 0 eng d
100 _94947
_aBOSE.S.K
245 _aNETAJI SABHAS CHANDRA BOSE
260 _aNEW DELHI
_bNBT
_c2015